000 00689nam a2200289Ia 4500
005 20260324135526.0
008 008 260324s9999 xx 000 0 eng d
020 _a9781315264356
037 _aEBOOK
040 _aCRL
040 _beng
040 _cCRL
041 _2eng
041 _aeng
084 _qCRL
100 _aRobert Self
_91185837
245 4 _aThe Neville Chamberlain Diary Letters
245 0 _bVolume 2: The Reform Years, 1921-27
260 _bTaylor and Francis
260 _c2000
365 _a
365 _b230
856 _uhttp://www.taylorfrancis.com/books/9781315264356
942 _cEBOOK
999 _c1802081
_d1802081